Κατάλογος Βιβλιοθηκών Mediterranean College

A Question of Economics / A Channel Four Book in association with Yorkshire Television (Record no. 1249)

MARC details
000 -LEADER
fixed length control field 01262cam a22001814a 4500
005 - ΗΜΕΡΟΜΗΝΙΑ ΚΑΙ ΩΡΑ ΤΕΛΕΥΤΑΙΑΣ ΕΝΗΜΕΡΩΣΗΣ
Πεδίο ελέγχου 20250605164002.0
008 - FIXED-LENGTH DATA ELEMENTS--GENERAL INFORMATION
Πεδίο ελέγχου σταθερού μήκους 250528s ||||||||||||||||||||||||d
035 ## - SYSTEM CONTROL NUMBER
System control number 15687
020 ## - ISBN
ISBN 140226184
040 ## - ΠΗΓΗ ΚΑΤΑΛΟΓΟΓΡΑΦΗΣΗΣ
Φορέας πρωτότυπης καταλογογράφησης MC Athens Campus Library
Γλώσσα καταλογογράφησης Ελληνικά, Μοντέρνα (1453-)
Modifying agency MC Athens Campus Library
Κανόνες περιγραφικής καταλογογράφησης AACR2
245 1# - ΤΙΤΛΟΣ ΚΑΙ ΔΗΛΩΣΗ ΥΠΕΥΘΥΝΟΤΗΤΑΣ
Τίτλος A Question of Economics / A Channel Four Book in association with Yorkshire Television
260 ## - PUBLICATION, DISTRIBUTION, ETC.
Name of publisher, distributor, etc. Penguin Books,
Date of publication, distribution, etc. 1985
520 ## - SUMMARY, ETC.
Summary, etc. This book has been designed for everyone who is bemused by the typical presentation of economic news in the media. Preface, Can we Afford the Dole?, Is Britain Going Bust?, Have we Forgotten the Thirties?, What's Happened to Inflation?, The Money Supply, Is Government Borrowing Too Much?, Does the Decline in Manufacturing Matter?, Can we Spend Our Way Out of Trouble?, No Island is an Island?, How Have Others Coped?, Can we Ever Get Back to Full Employment?, Which Way for the Market? More or Less Equal?, Welfare State or Going Private?, Public or Private Enterprise?, Is the City Doing a Proper Job?, Is Big Business Out of Control?, What Should be Done about the Unions?, Are You Happy in Your Work?, The Right to Manage?, Whose Economy is it Anyway?, Index.
700 1# - ΠΡΟΣΘΕΤΗ ΑΝΑΓΡΑΦΗ--ΦΥΣΙΚΟ ΠΡΟΣΩΠΟ
Personal name Donaldson Peter
9 (RLIN) 1658
942 ## - ADDED ENTRY ELEMENTS (KOHA)
Koha item type Books
Holdings
Τύπος τεκμηρίου Βιβλιοθήκη Τρέχουσα τοποθεσία Barcode Αριθμός εισαγωγής Ημερομηνία απόκτησης Ταξιθετικό σύμβολο Αριθμός αντιτύπου Κατάσταση απόσυρσης Κατάσταση χαμένου Κατάσταση κατεστραμμένου Μη δανεισμός Σύνολο δανεισμών Ημερομηνία τελευταίας εμφάνισης Η τιμή ισχύει από
Books MC Athens Campus Library MC Athens Campus Library 9780000012487 2043 05/06/2025 330.941/0858 DON 1           05/06/2025 05/06/2025

MC Athens Campus Library
Πατησίων 94 & Κοδριγκτώνος 13, 104 34
Πελλήνης 8 & Πατησίων 107, 112 51
Τ: +30 210 8899600

MC Thessaloniki Campus Library
Ίωνος Δραγούμη 21, 54625 | Ίωνος Δραγούμη 15, 54625
Τ: +30 2310 287779 – Τ: +30 2314 440300